000 00463nam a2200181Ia 4500
001 24370
005 20260414151038.0
008 260414t2010||||xx |||||||||||||| ||spa||
041 _aESP
082 _a345.7
_bA176 T. 1
110 _aAsociación Peruana de Investigación de Ciencias Jurídicas
245 0 _aDerecho procesal civil
_b
260 _c2010
300 _a491 páginas :
_c24 cm.
650 _aDER
654 _aCDE
942 _cLIB
_dJUS
_fJUS
_2ddc
_n
999 _c24370
_d24370